000 00956cab a22002295a 4500
001 L141979
008 080117e20071123xxk f 000 0 eng d
035 _a(Sirsi) u141979
041 0 _aeng
100 1 _aBlower, Andrew
245 0 0 _aReforming recovery
260 _c2007
490 0 _aNew Law Journal
_v157(729) 23 November 2007, 1645-1646(2)
520 _aExamines the reform of commercial rent arrears recovery (CRAR) following the introduction of the Tribunals, Courts and Enforcement Act 2007, which establishes a new regime for CRAR. Covers: when CRAR can be used; monies which can be recovered; enforcement; expiry of the lease; how CRAR is exercised and sub-tenants.
590 _aKA
650 2 4 _aTRIBUNALS, COURTS AND ENFORCEMENT ACT 2007
650 2 4 _aCOMMERCIAL RENT ARREARS RECOVERY
651 4 _aUnited Kingdom
_y
690 _aPROPERTY-LANDLORD AND TENANT-TENANCIES-DISTRESS FOR RENT
700 1 _aQuenby, Richard
942 _n0
999 _c79683
_d79683